Kuaile Hanyu 3 : (Record no. 118409)
[ view plain ]
| 000 -LEADER | |
|---|---|
| fixed length control field | 00402nam a2200133Ia 4500 |
| 008 - FIXED-LENGTH DATA ELEMENTS--GENERAL INFORMATION | |
| fixed length control field | 140611s9999 xx 000 0 und d |
| 020 ## - INTERNATIONAL STANDARD BOOK NUMBER | |
| International Standard Book Number | 9787107209321 |
| 050 ## - LIBRARY OF CONGRESS CALL NUMBER | |
| Classification number | PL 1129 |
| Item number | .K83w3 2010 |
| 245 ## - TITLE STATEMENT | |
| Title | Kuaile Hanyu 3 : |
| Remainder of title | Work book / |
| 260 ## - PUBLICATION, DISTRIBUTION, ETC. (IMPRINT) | |
| Place of publication, distribution, etc | China : |
| Name of publisher, distributor, etc | People Education Press, |
| Date of publication, distribution, etc | c2010. |
| 300 ## - PHYSICAL DESCRIPTION | |
| Extent | 153 p. : |
| Other physical details | col. Ill. ; |
| Dimensions | 27 cm. |
| 650 ## - SUBJECT ADDED ENTRY--TOPICAL TERM | |
| Topical term or geographic name as entry element | Chinese Language |
| General subdivision | Study and Teachings |
| Withdrawn status | Lost status | Damaged status | Home library | Current library | Shelving location | Date acquired | Cost, normal purchase price | Total Checkouts | Full call number | Barcode | Date last seen | Price effective from | Koha item type |
|---|---|---|---|---|---|---|---|---|---|---|---|---|---|
| Luxembourg Library | Luxembourg Library | Teachers Reference Section | 06/11/2014 | 2516.00 | PL 1129 .K83w3 2010 | 19755 | 10/10/2017 | 06/11/2014 | Books |